Datum a čas kvízu
26
Celkem bodů
Celkový počet nahraných bodů na tomto kvízu bez doplňovacích otázek.
10.
Pořadí na kvízu
Konečné umístění týmu na tomto kvízu.
Zaznamenané odpovědi
| # | Otázka | Odpověď | Body | Výsledky |
|---|---|---|---|---|
| 2. | Jedné rodině z Pensylvánie se... | na střeše | 1 | |
| 3. | Herecká asociace oznámila jmén... | Dana Syslová | 0 | |
| 4. | Kim Kardashian minulý týden př... | Jsou chlupaté. | 0 | |
| 5. | Fotbalisté z malého afrického... | Kapverdy | 1 | |
| 1. | Minulý čtvrtek byl na několik... | Metrouš | 0 | |
| 6. | Asijská poušť Karakum, uprostř... | Turkmenistán | 0 | |
| 7. | Uveďte, kterým čtyřpísmenným p... | vádí | 1 | |
| 8. | Vyberte, se kterým živočichem... | B | 1 | |
| 9. | Pokud bylo cílovým místem slav... | růžová (Růžové jezero) | 0 | |
| 10. | Britský umělec Gordon Sumner s... | Sting | 1 |